The cdma2000 system for mobile communications / (Record no. 183497)

000 -LEADER
fixed length control field 01295 a2200265 4500
003 - CONTROL NUMBER IDENTIFIER
control field NUST
005 - DATE AND TIME OF LATEST TRANSACTION
control field 20221224154210.0
010 ## - LIBRARY OF CONGRESS CONTROL NUMBER
LC control number 2004301712
020 ## - INTERNATIONAL STANDARD BOOK NUMBER
International Standard Book Number 0131416014
035 ## - SYSTEM CONTROL NUMBER
System control number (OCoLC)ocm55472736
040 ## - CATALOGING SOURCE
Transcribing agency Nust
082 00 - DEWEY DECIMAL CLASSIFICATION NUMBER
Classification number 621.3845,VAN
100 1# - MAIN ENTRY--PERSONAL NAME
Personal name Vanghi, Vieri.
9 (RLIN) 105825
245 14 - TITLE STATEMENT
Title The cdma2000 system for mobile communications /
Statement of responsibility, etc. Vieri Vanghi, Aleksandar Damnjanovic, Branimir Vojcic.
260 ## - PUBLICATION, DISTRIBUTION, ETC.
Place of publication, distribution, etc. Upper Saddle River, NJ :
Name of publisher, distributor, etc. Prentice Hall PTR,
Date of publication, distribution, etc. c2004.
300 ## - PHYSICAL DESCRIPTION
Extent xv, 501 p. :
Other physical details ill. ;
Dimensions 25 cm.
440 #0 - SERIES STATEMENT/ADDED ENTRY--TITLE
Title Prentice Hall communications engineering and emerging technologies series
9 (RLIN) 94472
505 0# - FORMATTED CONTENTS NOTE
Formatted contents note Introduction (Page-1), Architecture (Page-43), Applications And Services (Page-83), IS-2000 Physical Layer (Page-111), IS-2000 Layer 2 (Page-179), IS-2000 Layer 3 Protocol (Page-223), Handoffs (Page-289), Power Control (Page-335), Packet Data Operation (Page-361), Radio Access Network Performance (Page-409), CDMA 2000 End To End Network Operations (Page-461).
650 #0 - SUBJECT ADDED ENTRY--TOPICAL TERM
Topical term or geographic name entry element Code division multiple access
General subdivision Standards.
9 (RLIN) 105826
650 #0 - SUBJECT ADDED ENTRY--TOPICAL TERM
Topical term or geographic name entry element Mobile communication systems.
9 (RLIN) 18556
650 #0 - SUBJECT ADDED ENTRY--TOPICAL TERM
Topical term or geographic name entry element Spread spectrum communications.
9 (RLIN) 97936
700 1# - ADDED ENTRY--PERSONAL NAME
Personal name Damnjanovic, Aleksandar.
9 (RLIN) 105827
700 1# - ADDED ENTRY--PERSONAL NAME
Personal name Vojcic, Branimir.
9 (RLIN) 105828
942 ## - ADDED ENTRY ELEMENTS (KOHA)
Source of classification or shelving scheme
Koha item type Book
Call number prefix 621.3845,VAN
Holdings
Withdrawn status Lost status Source of classification or shelving scheme Damaged status Not for loan Permanent Location Current Location Shelving location Date acquired Full call number Barcode Date last seen Price effective from Koha item type Public note
          Military College of Signals (MCS) Military College of Signals (MCS) General Stacks 12/12/2016 621.3845,VAN MCS32416 12/08/2016 12/12/2016 Book Almirah No.39, Shelf No.2
© 2023 Central Library, National University of Sciences and Technology. All Rights Reserved.